书目信息 |
| 题名: |
大学生与图书馆
|
|
| 作者: | 范宝民 主编 | |
| 分册: | ||
| 出版信息: | 北京 新华出版社 1998 |
|
| 页数: | 273页 | |
| 开本: | 20cm | |
| 丛书名: | ||
| 单 册: | ||
| 中图分类: | G252.65 | |
| 科图分类: | ||
| 主题词: | 图书馆--利用--方法 , 图书馆 | |
| 电子资源: | ||
| ISBN: | 7-5011-4202-5 | |
| 000 | 00729nam0 2200229 450 | |
| 001 | 1262400246 | |
| 005 | 20121005172039.92 | |
| 010 | @a7-5011-4202-5@dCNY15 | |
| 100 | @a20000610e19991998em y0chiy0110 ea | |
| 101 | 0 | @achi |
| 102 | @aCN@b110000 | |
| 105 | @ay z 000yy | |
| 200 | 1 | @a大学生与图书馆@Ada xue sheng yu tu shu guan@f范宝民等主编 |
| 210 | @a北京@c新华出版社@d1998@h1999重印 | |
| 215 | @a273页@d20cm | |
| 330 | @a本书是一部指导阅读性的工具书,介绍了利用图书馆获取知识资料的方法和技巧,及利用获取知识资料撰写论文的写作方法和技巧。 | |
| 606 | 0 | @a图书馆@x利用@x方法 |
| 606 | 0 | @a图书馆 |
| 690 | @aG252.65@v4 | |
| 701 | 0 | @a范宝民@Afan bao min@4主编 |
| 801 | 0 | @aCN@bNLC@c20101222 |
| 905 | @a10447@dG252.65@eJY143 | |
| 大学生与图书馆/范宝民等主编.-北京:新华出版社,1998(1999重印) |
| 273页;20cm |
| ISBN 7-5011-4202-5:CNY15 |
| 本书是一部指导阅读性的工具书,介绍了利用图书馆获取知识资料的方法和技巧,及利用获取知识资料撰写论文的写作方法和技巧。 |
| ● |
| 相关链接 |
|
|
|
|
正题名:大学生与图书馆
索取号:G252.65/JY143
 
预约/预借
| 序号 | 登录号 | 条形码 | 馆藏地/架位号 | 状态 | 备注 |
| 1 | 7814854 | 278148540 | 学院路分馆/ [索取号:G252.65/JY143] | 在馆 | |
| 2 | 7814855 | 278148559 | 学院路分馆/ [索取号:G252.65/JY143] | 在馆 | |
| 3 | 7814856 | 278148568 | 学院路分馆/ [索取号:G252.65/JY143] | 在馆 |